| 000 | 00937cam a22003013a 4500 | ||
|---|---|---|---|
| 001 | 9798 | ||
| 003 | PGUSA | ||
| 005 | 20140828083216.0 | ||
| 008 | 060101s2006||||xxu|||||s|||||000 1 eng d | ||
| 040 |
_aPGUSA _beng |
||
| 042 | _adc | ||
| 050 | 4 | _aPR | |
| 100 | 1 |
_aRichardson, Samuel, _d1689-1761 |
|
| 245 | 1 | 0 |
_aClarissa Harlowe; or the history of a young lady — Volume 2 _h[electronic resource] / _cSamuel Richardson |
| 260 |
_bProject Gutenberg, _c2006 |
||
| 506 | _aPublic domain in the USA. | ||
| 516 | _aElectronic text | ||
| 653 | _aKidnapping victims -- Fiction | ||
| 653 | _aConflict of generations -- Fiction | ||
| 653 | _aRape victims -- Fiction | ||
| 653 | _aEpistolary fiction | ||
| 653 | _aPsychological fiction | ||
| 653 | _aEngland -- Fiction | ||
| 653 | _aYoung women -- Crimes against -- Fiction | ||
| 830 | 0 |
_aProject Gutenberg _v9798 |
|
| 856 | 4 | 0 | _uhttp://www.gutenberg.org/ebooks/9798 |
| 942 | _cEB | ||
| 999 |
_c239054 _d239054 |
||